|
|
|
|
| LEADER |
00846nam a2200265 4500 |
| 001 |
DLU090081995 |
| 005 |
##20090914 |
| 040 |
# |
# |
|a DLU
|b vie
|
| 041 |
# |
# |
|a vie
|
| 044 |
# |
# |
|a vn
|
| 100 |
# |
# |
|a Nguyễn Xuân Thiên,
|c TS.
|
| 245 |
# |
# |
|a Hợp tác giữa các trường, viện và công ty ở Nhật Bản - Những gợi ý cho Việt Nam /
|c Nguyễn Xuân Thiên.
|
| 653 |
# |
# |
|a Đào tạo đại học
|
| 653 |
# |
# |
|a Hợp tác quốc tế
|
| 653 |
# |
# |
|a Nghiên cứu khoa học
|
| 773 |
# |
# |
|t Nghiên cứu Đông Bắc Á
|g Số 6(100),2009, tr. 46-50
|
| 920 |
# |
# |
|a Phòng Tạp chí -- Trung tâm Thông tin - Thư viện Trường Đại học Đà Lạt
|
| 994 |
# |
# |
|a DLU
|
| 900 |
# |
# |
|a True
|
| 911 |
# |
# |
|a Nguyễn Thị Linh Chi
|
| 925 |
# |
# |
|a G
|
| 926 |
# |
# |
|a A
|
| 927 |
# |
# |
|a BB
|
| 980 |
# |
# |
|a Thư viện Trường Đại học Đà Lạt
|